<?xml version="1.0" encoding="UTF-8"?>
<record
    xmlns:xsi="http://www.w3.org/2001/XMLSchema-instance"
    xsi:schemaLocation="http://www.loc.gov/MARC21/slim http://www.loc.gov/standards/marcxml/schema/MARC21slim.xsd"
    xmlns="http://www.loc.gov/MARC21/slim">

  <leader>01230nam a2200301 a 4500</leader>
  <datafield tag="999" ind1=" " ind2=" ">
    <subfield code="c">7398</subfield>
    <subfield code="d">7398</subfield>
  </datafield>
  <controlfield tag="003">OSt</controlfield>
  <controlfield tag="005">20211117112740.0</controlfield>
  <controlfield tag="008">030515s2003    sp ||||||     000 ||cat|c</controlfield>
  <datafield tag="020" ind1=" " ind2=" ">
    <subfield code="a">8401386268</subfield>
  </datafield>
  <datafield tag="040" ind1=" " ind2=" ">
    <subfield code="a">CDMR</subfield>
    <subfield code="b">cat</subfield>
    <subfield code="c">0</subfield>
  </datafield>
  <datafield tag="080" ind1=" " ind2=" ">
    <subfield code="a">654.19(467.1)</subfield>
  </datafield>
  <datafield tag="100" ind1="1" ind2=" ">
    <subfield code="a">P&#xE0;mies, Teresa</subfield>
    <subfield code="9">2958</subfield>
  </datafield>
  <datafield tag="245" ind1="1" ind2="0">
    <subfield code="a">3x1 : </subfield>
    <subfield code="b">el m&#xF3;n actual a trav&#xE9;s de tres generacions / </subfield>
    <subfield code="c">Teresa P&#xE0;mies, Margarita Rivi&#xE8;re, Pilar Rahola ; pr&#xF2;leg de Josep Cun&#xED;</subfield>
  </datafield>
  <datafield tag="260" ind1=" " ind2=" ">
    <subfield code="a">Barcelona : </subfield>
    <subfield code="b">Rosa dels Vents, </subfield>
    <subfield code="c">2003</subfield>
  </datafield>
  <datafield tag="300" ind1=" " ind2=" ">
    <subfield code="a">188 p. ; </subfield>
    <subfield code="c">23 cm</subfield>
  </datafield>
  <datafield tag="500" ind1=" " ind2=" ">
    <subfield code="a">Recull de les intervencions radiof&#xF2;niques dins el programa "Els matins amb Josep Cun&#xED;" d'Ona Catalana, entre els anys 2000 i 2002 </subfield>
  </datafield>
  <datafield tag="600" ind1="1" ind2="0">
    <subfield code="9">2958</subfield>
    <subfield code="a">P&#xE0;mies, Teresa</subfield>
    <subfield code="x">Punts de vista pol&#xED;tics i socials</subfield>
  </datafield>
  <datafield tag="600" ind1="1" ind2="0">
    <subfield code="9">849</subfield>
    <subfield code="a">Rivi&#xE8;re, Margarita</subfield>
    <subfield code="x">Punts de vista pol&#xED;tics i socials</subfield>
  </datafield>
  <datafield tag="600" ind1="1" ind2="0">
    <subfield code="9">3152</subfield>
    <subfield code="a">Rahola, Pilar</subfield>
    <subfield code="x">Punts de vista pol&#xED;tics i socials</subfield>
  </datafield>
  <datafield tag="630" ind1=" " ind2="0">
    <subfield code="9">4700</subfield>
    <subfield code="a">Matins amb Josep Cun&#xED; (Programa de r&#xE0;dio)</subfield>
  </datafield>
  <datafield tag="650" ind1=" " ind2="0">
    <subfield code="9">3105</subfield>
    <subfield code="a">Radiodifusi&#xF3;</subfield>
    <subfield code="v">Programes</subfield>
    <subfield code="z">Catalunya</subfield>
  </datafield>
  <datafield tag="700" ind1="1" ind2=" ">
    <subfield code="a">Rivi&#xE8;re, Margarita</subfield>
    <subfield code="9">849</subfield>
  </datafield>
  <datafield tag="700" ind1="1" ind2=" ">
    <subfield code="a">Rahola, Pilar</subfield>
    <subfield code="9">3152</subfield>
  </datafield>
  <datafield tag="700" ind1="1" ind2=" ">
    <subfield code="a">Cun&#xED;, Josep</subfield>
    <subfield code="9">1754</subfield>
  </datafield>
  <datafield tag="730" ind1=" " ind2=" ">
    <subfield code="0">Matins amb Josep Cun&#xED; (Programa de r&#xE0;dio) </subfield>
  </datafield>
  <datafield tag="740" ind1="0" ind2=" ">
    <subfield code="a">Tres per u</subfield>
  </datafield>
  <datafield tag="942" ind1=" " ind2=" ">
    <subfield code="2">udc</subfield>
    <subfield code="c">MON</subfield>
  </datafield>
  <datafield tag="952" ind1=" " ind2=" ">
    <subfield code="0">0</subfield>
    <subfield code="1">0</subfield>
    <subfield code="4">0</subfield>
    <subfield code="7">0</subfield>
    <subfield code="a">CDMR</subfield>
    <subfield code="b">CDMR</subfield>
    <subfield code="d">2021-11-17</subfield>
    <subfield code="e">Donaci&#xF3;</subfield>
    <subfield code="g">12.00</subfield>
    <subfield code="l">0</subfield>
    <subfield code="o">Du 1/165</subfield>
    <subfield code="p">CDMR21110012</subfield>
    <subfield code="r">2021-11-17</subfield>
    <subfield code="w">2021-11-17</subfield>
    <subfield code="y">MON</subfield>
  </datafield>
</record>
